GRE Vocabulary Set 1 Quiz Stats

 Plays Quiz not verified by Sporcle

Challenge
Share
Tweet
Embed
Score 0/50 Timer 10:00
0 Plays Today
% Correct
Archaic
86.9%
Ossify
81.6%
Zenith
80.9%
Elegy
79.8%
Larceny
78.3%
Convoluted
77.9%
Embellish
74.9%
Emulate
74.9%
Arbitrate
73.8%
Sycophant
73%
Curmudgeon
72.3%
Heterogeneous
71.5%
Efficacy
70.4%
Corroborate
70%
Eloquent
70%
Diatribe
68.5%
Palatial
67%
Zephyr
66.3%
Hegemony
65.2%
Hermetic
65.2%
Effigy
65.2%
Castigate
65.2%
Surly
64.4%
Hapless
64%
Ardor
63.7%
% Correct
Ostentation
63.3%
Symbiosis
62.9%
Ebullient
62.2%
Doctrinaire
61.8%
Contrite
61.4%
Overwrought
58.8%
Missive
56.2%
Sybarite
55.8%
Largess
55.1%
Arbitrary
54.3%
Cosset
52.8%
Distaff
51.3%
Redress
50.9%
Maudlin
50.9%
Effrontery
50.2%
Abase
48.7%
Palliate
48.7%
Ostensible
47.9%
Bilk
47.6%
Blight
42.7%
Opprobrium
41.2%
Desultory
37.5%
Encomium
37.1%
Propitiate
30.7%
Orotund
30.3%

You're not logged in!

Compare scores with friends on all Sporcle quizzes.
OR
Log In

You Might Also Like...

Show Comments

Extras

Top Quizzes Today


Score Distribution

Your Account Isn't Verified!

In order to create a playlist on Sporcle, you need to verify the email address you used during registration. Go to your Sporcle Settings to finish the process.

Report this User

Report this user for behavior that violates our Community Guidelines.

Details: